000 00417nam a2200145Ia 4500
008 161226s9999 xx 000 0 und d
040 _aPK-NaQUE
100 _a11CE71
100 _aDildar Ali Otho
245 0 _aExperimental Study Of Rice Huskash Concrete Using Rice Huckash As Partial Replacement Of Cement
260 _aNawabshah
260 _bQUEST
260 _c2011
700 _aDepartment Of Civil Engineering
999 _c57233
_d57230